1741 1730 1020 1643 1243 1598 1016 1990 1241 1498 1742 1066 1289 1441 1818 1803 1846 1268 1794 1042 1199 1496 1292 1816 1345 1798 1651 1974 1248 1246 1795 1625 1581 1508 1803 1411 1191 1219 1394 1017 1349 1825 1679 1939 1213 1993 1232 1649 1510 1188 1707 1315 1507 1381 1569 1640 1214 1918 1262 1820 1040 1483 1430 1086 1288 1253 1875 1893 1102 1283 1672 1590 1387 1780 1363 1125 1412 1676 1740 1782 1037 1022 1603 1294 1187 1378 1500 1746 1475 1536 1125 1240 1269 1379 1680 1036 1196 1629 1974 BCNSPRNW ULIB Ver.6.0+V

เปลี่ยนเป็นภาษาไทย

Change to English
 แสดงรายละเอียดบรรณานุกรม
  กลับหน้าหลัก

Brief Record : Get Marc (ISO 2709) : E-mail record : QR code < ปิดหน้าต่าง
LEADER : 00000nam 2200000uu 4500
001    13399120521
003     ULIB
008    060906s2548 th a 000 0 tha d
020    ^a9745065471
040    ^abrv
060 04 ^aWB50.JT3^bภ669 2548
245 00 ^aภูมิปัญญาการแพทย์พื้นบ้านอีสาน /^cบรรณาธิการบริหาร, ดารณีอ่อนชมจันทร์ ; บรรณาธิการวิชาการ, เสาวณีย์ กุลสมบูรณ์,รุจินาถ อรรถสิษฐ
250    ^aพิมพ์ครั้งที่ 1
260    ^aนนทบุรี :^bกลุ่มงานการแพทย์พื้นบ้านไทยกรมพัฒนาการแพทย์แผนไทยและการแพทย์ทางเลือก กระทรวงสาธารณสุข,^c2548
300    ^a234 หน้า :^bภาพประกอบ ;^c21 ซม
440  0 ^aชุดภูมิปัญญาพื้นบ้านด้านสุขภาพ ;^v4
500    ^aSend to Single Search
650  4 ^aการแพทย์แผนโบราณ^zไทย (ภาคตะวันออกเฉียงเหนือ)
650  4 ^aการแพทย์ชนบท^zไทย (ภาคตะวันออกเฉียงเหนือ)
650  4 ^aแพทย์แผนโบราณ
650  4 ^aภูมิปัญญาชาวบ้าน
700 0  ^aดารณี อ่อนชมจันทร์,^eบรรณาธิการ
700 0  ^aเสาวณีย์ กุลสมบูรณ์,^eบรรณาธิการ
700 0  ^aรุจินาถ อรรถสิษฐ,^eบรรณาธิการ
710 2  ^aกรมพัฒนาการแพทย์แผนไทยและการแพทย์ทางเลือก.^bกลุ่มงานการแพทย์พื้นบ้านไทย
945    ^p0^l0^i24234
995    ^aกัณชพร
999    ^aใช้งานได้ทุกระบบ
รายการนี้ยังไม่มีแท็ก
คุณยังไม่ได้ล็อกอิน คุณสามารถมีกิจกรรมร่วมกับเว็บไซต์ได้ แต่ต้องล็อกอินก่อน ::
  ล็อกอิน

รายการสื่อสารสนเทศ

ลำดับที่ ประเภท เลขเรียก/บาร์โค้ด สถานที่ สถานะ
1. วิทยาศาสตร์การแพทย์ และสุขภาพ
วิทยาศาสตร์การแพทย์ และสุขภาพ
WB50.JT3 ภ669 2548  
  Barcode: 24234
ห้องสมุดวิทยาเขตสวรรค์ประชารักษ์
►หนังสือทั่วไป
ถูกยืม กำหนดส่งวันที่ 11 พฤษภาคม 2558
  จอง

รายการใกล้เคียง
    หัวเรื่อง [แพทย์แผนโบราณ]
    หัวเรื่อง [ภูมิปัญญาชาวบ้าน]

BibComment


ยังไม่เคยถูกคอมเมนท์

คอมเมนท์ทรัพยากรรายการนี้
  คอมเมนท์: ภูมิปัญญาการแพทย..


 Copyright 2026. Bcnsprnw @Library